Великие ученые-основоположники электротехники и электроэнергетики. Ч. 1 (Запись № 11405908)

Подробности
000 -МАРКЕР
контрольное поле 01603nam2a2200241 i 4500
001 - ИДЕНТИФИКАТОР ЗАПИСИ
контрольное поле RU\NLR\BIBL_A\011098369
005 - ИДЕНТИФИКАТОР ВЕРСИИ
контрольное поле 20240729021924.0
010 ## - МЕЖДУНАРОДНЫЙ СТАНДАРТНЫЙ НОМЕР КНИГИ (ISBN)
Номер (ISBN) 9785892307178
Уточнения ч. 1
Тираж 150
021 ## - НОМЕР ГОСУДАРСТВЕННОЙ РЕГИСТРАЦИИ
Код страны Российская Федерация
Номер 2016-21491
Номер Листа государственной регистраци 1359
035 ## - ДРУГИЕ СИСТЕМНЫЕ НОМЕРА
Идентификатор записи (NLR Aleph) 011098369
100 ## - ДАННЫЕ ОБЩЕЙ ОБРАБОТКИ
Данные общей обработки 20160407d2015 um y0rusy50 ca
101 0# - ЯЗЫК РЕСУРСА
Язык текста, звукозаписи и т.д. русский
102 ## - СТРАНА ПУБЛИКАЦИИ ИЛИ ПРОИЗВОДСТВА
Страна публикации Российская Федерация
105 ## - ПОЛЕ КОДИРОВАННЫХ ДАННЫХ: ТЕКСТОВЫЕ МАТЕРИАЛЫ, МОНОГРАФИЧЕСКИЕ
Кодированные данные о монографическом текстовом документе ac||j|||000yy
200 0# - ЗАГЛАВИЕ И СВЕДЕНИЯ ОБ ОТВЕТСТВЕННОСТИ
Основное заглавие Ч. 1
210 ## - ПУБЛИКАЦИЯ, РАСПРОСТРАНЕНИЕ И ДР.
Дата издания, распространения и т.д. 2015
215 ## - ФИЗИЧЕСКАЯ ХАРАКТЕРИСТИКА
Специфическое обозначение материала и объем 119 с
Другие сведения о физической характеристике ил., портр.
320 ## - ПРИМЕЧАНИЯ О НАЛИЧИИ В ДОКУМЕНТЕ БИБЛИОГРАФИИ / УКАЗАТЕЛЯ
Текст примечания Библиогр.: с. 115-119 (77 назв.)
461 #0 - УРОВЕНЬ НАБОРА
Встроенное поле 001RU\NLR\BIBL_A\011140950
-- 2001#$aВеликие ученые-основоположники электротехники и электроэнергетики$eучебно-методическое пособие$fС.Л. Буянтуев, А.Б. Хмелев, А.Н. Хаглеев$gМ-во образования и науки Рос. Федерации, Федер. гос. бюджет. образоват. учреждение высш. проф. образования "Вост.-Сиб. гос. ун-т технологий и упр." (ФГБОУ ВПО ВСГУТУ)$vЧ. 1
-- 700#1$aБуянтуев$bС. Л.$gСергей Лубсанович
Системный номер (АБИС) связанной записи 11618336
Автор Буянтуев, С. Л.
Место публикации Улан-Удэ
Дата публикации 2015
Первые сведения об ответственности С.Л. Буянтуев, А.Б. Хмелев, А.Н. Хаглеев
Имя издателя, распространителя и т.д. Изд-во ВСГУТУ
Сведения, относящиеся к заглавию учебно-методическое пособие
Заглавие Великие ученые-основоположники электротехники и электроэнергетики
Номер тома Ч. 1
942 ## - ДОПОЛНИТЕЛЬНЫЕ ЭЛЕМЕНТЫ ЗАПИСИ (АБИС)
Тип экземпляра АБИС Книга
980 ## - КОЛЛЕКЦИЯ
Название коллекции НБР

Нет доступных экземпляров.